[Event "DEM U12w 2023"]
[Site "Willingen GER"]
[Date "2023.05.30"]
[Round "4"]
[White "Albrecht, Sidney Jenna"]
[Black "Averkova, Mariia"]
[Result "0-1"]
[Termination "normal"]
[Board "15"]
[WhiteElo "1079"]
[BlackElo "1367"]
[WhiteClock "00:20:57"]
[BlackClock "00:06:52"]
[PlyCount "122"]
[WhiteFideId "34660283"]
[BlackFideId "34651470"]
[EventCountry "GER"]
[EventRounds "9"]
[EventType "swiss"]
[EventDate "2023.05.27"]

1. c4 {[%clk 01:30:57]} {[%emt 00:00:03]} d5 {[%clk 01:30:54]} {[%emt
00:00:07]} 2. cxd5 {[%clk 01:30:45]} {[%emt 00:00:41]} Qxd5 {[%clk 01:31:14]}
{[%emt 00:00:10]} 3. Nc3 {[%clk 01:30:27]} {[%emt 00:00:48]} Qa5 {[%clk
01:31:32]} {[%emt 00:00:13]} 4. g3 {[%clk 01:27:53]} {[%emt 00:03:03]} c6
{[%clk 01:28:14]} {[%emt 00:03:47]} 5. Bg2 {[%clk 01:27:50]} {[%emt 00:00:33]}
Bg4 {[%clk 01:27:32]} {[%emt 00:01:13]} 6. Nf3 {[%clk 01:27:43]} {[%emt
00:00:37]} Nf6 {[%clk 01:26:22]} {[%emt 00:01:40]} 7. O-O {[%clk 01:27:28]}
{[%emt 00:00:44]} e6 {[%clk 01:25:13]} {[%emt 00:01:40]} 8. a3 {[%clk
01:25:44]} {[%emt 00:02:14]} Qc7 {[%clk 01:23:13]} {[%emt 00:02:29]} 9. d4
{[%clk 01:25:25]} {[%emt 00:00:49]} Nbd7 {[%clk 01:20:06]} {[%emt 00:03:36]}
10. e4 {[%clk 01:21:01]} {[%emt 00:04:55]} Be7 {[%clk 01:13:34]} {[%emt
00:07:02]} 11. Bf4 {[%clk 01:20:51]} {[%emt 00:00:40]} Qd8 {[%clk 01:11:44]}
{[%emt 00:02:20]} 12. Qd3 {[%clk 01:13:27]} {[%emt 00:07:53]} O-O {[%clk
01:05:36]} {[%emt 00:06:39]} 13. Rfe1 {[%clk 01:07:39]} {[%emt 00:06:18]} Nb6
{[%clk 01:01:18]} {[%emt 00:04:48]} 14. Ne5 {[%clk 00:58:41]} {[%emt 00:09:28]}
Bh5 {[%clk 00:58:07]} {[%emt 00:03:42]} 15. h3 {[%clk 00:56:49]} {[%emt
00:02:22]} Bd6 {[%clk 00:54:28]} {[%emt 00:04:09]} 16. g4 {[%clk 00:53:09]}
{[%emt 00:04:10]} Bxe5 {[%clk 00:54:11]} {[%emt 00:00:48]} 17. Bxe5 {[%clk
00:53:20]} {[%emt 00:00:19]} Bg6 {[%clk 00:53:45]} {[%emt 00:00:55]} 18. f4
{[%clk 00:49:13]} {[%emt 00:04:36]} Nxg4 {[%clk 00:46:15]} {[%emt 00:08:01]}
19. hxg4 {[%clk 00:47:13]} {[%emt 00:02:30]} f6 {[%clk 00:46:09]} {[%emt
00:00:36]} 20. f5 {[%clk 00:45:59]} {[%emt 00:01:44]} fxe5 {[%clk 00:44:11]}
{[%emt 00:02:28]} 21. fxg6 {[%clk 00:45:42]} {[%emt 00:00:47]} Qf6 {[%clk
00:36:11]} {[%emt 00:08:28]} 22. gxh7+ {[%clk 00:44:30]} {[%emt 00:01:44]} Kh8
{[%clk 00:34:04]} {[%emt 00:02:37]} 23. Rf1 {[%clk 00:44:37]} {[%emt 00:00:23]}
Qh4 {[%clk 00:32:14]} {[%emt 00:02:20]} 24. dxe5 {[%clk 00:41:32]} {[%emt
00:03:35]} Qxg4 {[%clk 00:28:08]} {[%emt 00:04:36]} 25. Rf3 {[%clk 00:36:24]}
{[%emt 00:05:39]} Rxf3 {[%clk 00:24:00]} {[%emt 00:04:38]} 26. Qxf3 {[%clk
00:36:35]} {[%emt 00:00:19]} Qxf3 {[%clk 00:23:53]} {[%emt 00:00:36]} 27. Bxf3
{[%clk 00:36:55]} {[%emt 00:00:10]} Nc4 {[%clk 00:22:32]} {[%emt 00:01:51]} 28.
Kf2 {[%clk 00:33:34]} {[%emt 00:03:51]} Nxe5 {[%clk 00:20:47]} {[%emt
00:02:15]} 29. Rd1 {[%clk 00:31:39]} {[%emt 00:02:25]} Rf8 {[%clk 00:19:03]}
{[%emt 00:02:14]} 30. Ke2 {[%clk 00:27:37]} {[%emt 00:04:33]} Rxf3 {[%clk
00:17:24]} {[%emt 00:02:08]} 31. Rh1 {[%clk 00:26:55]} {[%emt 00:01:11]} Rg3
{[%clk 00:14:59]} {[%emt 00:02:55]} 32. Nd1 {[%clk 00:25:59]} {[%emt 00:01:27]}
Nc4 {[%clk 00:13:18]} {[%emt 00:02:09]} 33. Kf2 {[%clk 00:24:32]} {[%emt
00:01:58]} Rb3 {[%clk 00:12:15]} {[%emt 00:01:33]} 34. Ke2 {[%clk 00:24:23]}
{[%emt 00:00:39]} Nxb2 {[%clk 00:11:08]} {[%emt 00:01:37]} 35. Nxb2 {[%clk
00:23:53]} {[%emt 00:01:00]} Rxb2+ {[%clk 00:11:28]} {[%emt 00:00:10]} 36. Kf3
{[%clk 00:23:37]} {[%emt 00:00:45]} Rb5 {[%clk 00:10:37]} {[%emt 00:01:21]} 37.
Ke3 {[%clk 00:23:47]} {[%emt 00:00:20]} a5 {[%clk 00:08:46]} {[%emt 00:02:21]}
38. Kf4 {[%clk 00:23:15]} {[%emt 00:01:03]} Rc5 {[%clk 00:07:23]} {[%emt
00:01:53]} 39. e5 {[%clk 00:23:13]} {[%emt 00:00:33]} Rc2 {[%clk 00:06:00]}
{[%emt 00:01:53]} 40. Kg5 {[%clk 00:23:08]} {[%emt 00:00:34]} Rg2+ {[%clk
00:05:51]} {[%emt 00:00:39]} 41. Kf4 {[%clk 00:23:05]} {[%emt 00:00:33]} Rg6
{[%clk 00:04:38]} {[%emt 00:01:44]} 42. Ke4 {[%clk 00:19:35]} {[%emt 00:04:00]}
Rh6 {[%clk 00:03:59]} {[%emt 00:01:08]} 43. Rxh6 {[%clk 00:19:34]} {[%emt
00:00:31]} gxh6 {[%clk 00:04:21]} {[%emt 00:00:08]} 44. Kd4 {[%clk 00:19:29]}
{[%emt 00:00:36]} b6 {[%clk 00:04:28]} {[%emt 00:00:23]} 45. Kc4 {[%clk
00:19:40]} {[%emt 00:00:19]} Kxh7 {[%clk 00:04:33]} {[%emt 00:00:25]} 46. a4
{[%clk 00:19:48]} {[%emt 00:00:22]} h5 {[%clk 00:04:54]} {[%emt 00:00:09]} 47.
Kd4 {[%clk 00:19:37]} {[%emt 00:00:42]} h4 {[%clk 00:04:50]} {[%emt 00:00:34]}
48. Ke4 {[%clk 00:19:51]} {[%emt 00:00:16]} h3 {[%clk 00:04:51]} {[%emt
00:00:29]} 49. Kd4 {[%clk 00:20:13]} {[%emt 00:00:08]} h2 {[%clk 00:05:11]}
{[%emt 00:00:10]} 50. Ke4 {[%clk 00:20:36]} {[%emt 00:00:06]} h1=Q+ {[%clk
00:05:32]} {[%emt 00:00:09]} 51. Kf4 {[%clk 00:20:38]} {[%emt 00:00:27]} Qe1
{[%clk 00:05:40]} {[%emt 00:00:23]} 52. Kf3 {[%clk 00:20:48]} {[%emt 00:00:20]}
Qxe5 {[%clk 00:05:54]} {[%emt 00:00:17]} 53. Kf2 {[%clk 00:21:03]} {[%emt
00:00:15]} Qc3 {[%clk 00:06:12]} {[%emt 00:00:13]} 54. Ke2 {[%clk 00:21:03]}
{[%emt 00:00:30]} Kg6 {[%clk 00:06:30]} {[%emt 00:00:12]} 55. Kf2 {[%clk
00:21:21]} {[%emt 00:00:12]} Qd3 {[%clk 00:06:19]} {[%emt 00:00:40]} 56. Kg2
{[%clk 00:21:36]} {[%emt 00:00:16]} Kg5 {[%clk 00:06:25]} {[%emt 00:00:24]} 57.
Kf2 {[%clk 00:21:42]} {[%emt 00:00:24]} Kg4 {[%clk 00:06:37]} {[%emt 00:00:18]}
58. Ke1 {[%clk 00:21:09]} {[%emt 00:01:03]} Qc2 {[%clk 00:06:36]} {[%emt
00:00:31]} 59. Kf1 {[%clk 00:21:12]} {[%emt 00:00:26]} Qd2 {[%clk 00:06:35]}
{[%emt 00:00:31]} 60. Kg1 {[%clk 00:21:09]} {[%emt 00:00:34]} Kg3 {[%clk
00:06:32]} {[%emt 00:00:32]} 61. Kh1 {[%clk 00:20:57]} {[%emt 00:00:42]} Qe1#
{[%clk 00:06:52]} 0-1

[Event "DEM U12w 2023"]
[Site "Willingen GER"]
[Date "2023.05.30"]
[Round "4"]
[White "Eitel, Liz"]
[Black "Fettan, Nua"]
[Result "0-1"]
[Termination "normal"]
[Board "18"]
[WhiteElo "971"]
[BlackElo "1234"]
[WhiteClock "00:51:07"]
[BlackClock "00:50:39"]
[PlyCount "96"]
[WhiteFideId "34622195"]
[BlackFideId "34637362"]
[EventCountry "GER"]
[EventRounds "9"]
[EventType "swiss"]
[EventDate "2023.05.27"]

1. e4 {[%clk 01:30:57]} {[%emt 00:00:03]} e5 {[%clk 01:30:54]} {[%emt
00:00:06]} 2. Nc3 {[%clk 01:31:21]} {[%emt 00:00:06]} Nf6 {[%clk 01:30:51]}
{[%emt 00:00:33]} 3. f4 {[%clk 01:31:38]} {[%emt 00:00:13]} Nc6 {[%clk
01:30:33]} {[%emt 00:00:48]} 4. fxe5 {[%clk 01:31:57]} {[%emt 00:00:11]} Nxe5
{[%clk 01:30:17]} {[%emt 00:00:45]} 5. d4 {[%clk 01:32:16]} {[%emt 00:00:11]}
Nc6 {[%clk 01:30:03]} {[%emt 00:00:44]} 6. e5 {[%clk 01:32:38]} {[%emt
00:00:09]} Ng8 {[%clk 01:29:25]} {[%emt 00:01:08]} 7. Nf3 {[%clk 01:32:42]}
{[%emt 00:00:25]} d5 {[%clk 01:28:15]} {[%emt 00:01:40]} 8. Be3 {[%clk
01:27:07]} {[%emt 00:06:05]} Bb4 {[%clk 01:25:46]} {[%emt 00:03:00]} 9. Be2
{[%clk 01:25:39]} {[%emt 00:01:58]} f6 {[%clk 01:22:50]} {[%emt 00:03:26]} 10.
exf6 {[%clk 01:21:22]} {[%emt 00:04:46]} Nxf6 {[%clk 01:22:54]} {[%emt
00:00:27]} 11. Ne5 {[%clk 01:16:21]} {[%emt 00:05:31]} Qe7 {[%clk 01:18:22]}
{[%emt 00:05:01]} 12. Bf4 {[%clk 01:14:12]} {[%emt 00:02:39]} Ne4 {[%clk
01:13:50]} {[%emt 00:05:03]} 13. Qd3 {[%clk 01:08:10]} {[%emt 00:06:31]} O-O
{[%clk 01:11:15]} {[%emt 00:03:04]} 14. Nxc6 {[%clk 01:06:29]} {[%emt
00:02:11]} bxc6 {[%clk 01:10:33]} {[%emt 00:01:13]} 15. O-O {[%clk 01:06:40]}
{[%emt 00:00:19]} Bf5 {[%clk 01:07:05]} {[%emt 00:03:58]} 16. Nxe4 {[%clk
01:05:09]} {[%emt 00:02:01]} Bxe4 {[%clk 01:05:45]} {[%emt 00:01:46]} 17. Qb3
{[%clk 01:04:06]} {[%emt 00:01:36]} Rab8 {[%clk 01:00:29]} {[%emt 00:05:48]}
18. Qa4 {[%clk 00:59:39]} {[%emt 00:04:43]} Bxg2 {[%clk 00:58:39]} {[%emt
00:02:34]} 19. Rf2 {[%clk 00:54:55]} {[%emt 00:05:14]} Bh3 {[%clk 00:55:25]}
{[%emt 00:03:39]} 20. Qb3 {[%clk 00:48:42]} {[%emt 00:06:47]} Be1 {[%clk
00:50:51]} {[%emt 00:05:04]} 21. Qxh3 {[%clk 00:46:07]} {[%emt 00:03:05]} Bxf2+
{[%clk 00:50:40]} {[%emt 00:00:41]} 22. Kxf2 {[%clk 00:46:28]} {[%emt
00:00:08]} Rxf4+ {[%clk 00:50:22]} {[%emt 00:00:50]} 23. Bf3 {[%clk 00:46:18]}
{[%emt 00:00:40]} Qh4+ {[%clk 00:49:35]} {[%emt 00:01:17]} 24. Qxh4 {[%clk
00:46:23]} {[%emt 00:00:25]} Rxh4 {[%clk 00:49:54]} {[%emt 00:00:11]} 25. Ke3
{[%clk 00:46:12]} {[%emt 00:00:41]} Re8+ {[%clk 00:48:26]} {[%emt 00:01:56]}
26. Kd3 {[%clk 00:46:10]} {[%emt 00:00:33]} Rh3 {[%clk 00:48:15]} {[%emt
00:00:41]} 27. Rf1 {[%clk 00:46:33]} {[%emt 00:00:08]} g5 {[%clk 00:48:00]}
{[%emt 00:00:45]} 28. Kd2 {[%clk 00:46:14]} {[%emt 00:00:50]} Rxh2+ {[%clk
00:48:12]} {[%emt 00:00:18]} 29. Kc1 {[%clk 00:46:10]} {[%emt 00:00:33]} Rf8
{[%clk 00:48:08]} {[%emt 00:00:35]} 30. b3 {[%clk 00:45:51]} {[%emt 00:00:49]}
g4 {[%clk 00:47:59]} {[%emt 00:00:39]} 31. Kd1 {[%clk 00:45:54]} {[%emt
00:00:27]} gxf3 {[%clk 00:48:14]} {[%emt 00:00:16]} 32. Ke1 {[%clk 00:46:12]}
{[%emt 00:00:12]} Re8+ {[%clk 00:48:17]} {[%emt 00:00:27]} 33. Kd1 {[%clk
00:46:31]} {[%emt 00:00:10]} f2 {[%clk 00:48:32]} {[%emt 00:00:15]} 34. Kd2
{[%clk 00:46:42]} {[%emt 00:00:20]} Rg2 {[%clk 00:48:33]} {[%emt 00:00:28]} 35.
Kd3 {[%clk 00:46:57]} {[%emt 00:00:16]} Re1 {[%clk 00:48:53]} {[%emt 00:00:10]}
36. Rxf2 {[%clk 00:46:59]} {[%emt 00:00:27]} Rxf2 {[%clk 00:49:16]} {[%emt
00:00:08]} 37. Kc3 {[%clk 00:47:26]} {[%emt 00:00:03]} h5 {[%clk 00:49:13]}
{[%emt 00:00:33]} 38. Kb4 {[%clk 00:47:50]} {[%emt 00:00:06]} Rxc2 {[%clk
00:49:25]} {[%emt 00:00:18]} 39. a4 {[%clk 00:48:12]} {[%emt 00:00:08]} h4
{[%clk 00:49:45]} {[%emt 00:00:10]} 40. Ka5 {[%clk 00:48:34]} {[%emt 00:00:08]}
h3 {[%clk 00:49:52]} {[%emt 00:00:23]} 41. Ka6 {[%clk 00:49:00]} {[%emt
00:00:05]} h2 {[%clk 00:50:05]} {[%emt 00:00:16]} 42. Kxa7 {[%clk 00:49:25]}
{[%emt 00:00:04]} h1=Q {[%emt 00:00:14]} 43. a5 {[%emt 00:00:06]} Qg1 {[%clk
00:49:48]} {[%emt 00:00:28]} 44. Kb7 {[%clk 00:49:47]} {[%emt 00:00:08]} Qxd4
{[%clk 00:50:01]} {[%emt 00:00:14]} 45. a6 {[%clk 00:50:15]} {[%emt 00:00:06]}
Ra2 {[%clk 00:50:12]} {[%emt 00:00:19]} 46. Kxc7 {[%clk 00:50:35]} {[%emt
00:00:11]} Qa7+ {[%clk 00:50:28]} {[%emt 00:00:13]} 47. Kd6 {[%clk 00:50:58]}
{[%emt 00:00:07]} Rxa6 {[%clk 00:50:39]} {[%emt 00:00:19]} 48. b4 {[%clk
00:51:07]} {[%emt 00:00:22]} Qe7# {[%emt 00:00:55]} 0-1

[Event "DEM U12w 2023"]
[Site "Willingen GER"]
[Date "2023.05.30"]
[Round "4"]
[White "Kuhn, Sanna"]
[Black "Krannich, Eva"]
[Result "1-0"]
[Termination "normal"]
[Board "19"]
[WhiteElo "992"]
[BlackElo "1025"]
[WhiteClock "01:13:35"]
[BlackClock "00:37:06"]
[PlyCount "61"]
[WhiteFideId "34660313"]
[BlackFideId "34639713"]
[EventCountry "GER"]
[EventRounds "9"]
[EventType "swiss"]
[EventDate "2023.05.27"]

1. e4 {[%clk 01:30:58]} e6 {[%clk 01:30:52]} {[%emt 00:00:08]} 2. d4 {[%clk
01:31:23]} {[%emt 00:00:05]} d5 {[%clk 01:31:14]} {[%emt 00:00:08]} 3. exd5
{[%clk 01:31:47]} {[%emt 00:00:06]} exd5 {[%clk 01:31:36]} {[%emt 00:00:08]} 4.
Bd3 {[%clk 01:32:12]} {[%emt 00:00:06]} Bd6 {[%clk 01:31:51]} {[%emt 00:00:14]}
5. Ne2 {[%clk 01:32:25]} {[%emt 00:00:16]} Nc6 {[%clk 01:31:47]} {[%emt
00:00:35]} 6. c3 {[%clk 01:32:46]} {[%emt 00:00:09]} Nge7 {[%clk 01:31:48]}
{[%emt 00:00:28]} 7. Bf4 {[%clk 01:32:11]} {[%emt 00:01:05]} Bxf4 {[%clk
01:29:19]} {[%emt 00:02:59]} 8. Nxf4 {[%clk 01:32:22]} {[%emt 00:00:17]} Qd6
{[%clk 01:29:24]} {[%emt 00:00:26]} 9. Ne2 {[%clk 01:32:29]} {[%emt 00:00:23]}
Bg4 {[%clk 01:28:29]} {[%emt 00:01:26]} 10. Qd2 {[%clk 01:32:36]} {[%emt
00:00:22]} O-O-O {[%clk 01:27:45]} {[%emt 00:01:13]} 11. O-O {[%clk 01:33:01]}
{[%emt 00:00:05]} h5 {[%clk 01:26:37]} {[%emt 00:01:38]} 12. b4 {[%clk
01:33:16]} {[%emt 00:00:16]} h4 {[%clk 01:25:49]} {[%emt 00:01:18]} 13. a4
{[%clk 01:31:27]} {[%emt 00:02:20]} Bxe2 {[%clk 01:17:30]} {[%emt 00:08:48]}
14. Bxe2 {[%clk 01:29:31]} {[%emt 00:02:26]} f5 {[%clk 01:16:24]} {[%emt
00:01:36]} 15. a5 {[%clk 01:28:56]} {[%emt 00:01:06]} Rdg8 {[%clk 01:14:50]}
{[%emt 00:02:03]} 16. b5 {[%clk 01:29:11]} {[%emt 00:00:16]} Nb8 {[%clk
01:14:32]} {[%emt 00:00:48]} 17. Na3 {[%clk 01:28:22]} {[%emt 00:01:19]} Nd7
{[%clk 01:12:22]} {[%emt 00:02:38]} 18. c4 {[%clk 01:28:28]} {[%emt 00:00:25]}
Kb8 {[%clk 01:00:47]} {[%emt 00:12:05]} 19. c5 {[%clk 01:26:08]} {[%emt
00:02:50]} Qf6 {[%clk 00:58:35]} {[%emt 00:02:40]} 20. b6 {[%clk 01:23:52]}
{[%emt 00:02:47]} a6 {[%clk 00:54:30]} {[%emt 00:04:36]} 21. bxc7+ {[%clk
01:22:17]} {[%emt 00:02:05]} Kxc7 {[%clk 00:53:40]} {[%emt 00:01:20]} 22. Rab1
{[%clk 01:21:17]} {[%emt 00:01:29]} Nc6 {[%clk 00:52:21]} {[%emt 00:01:49]} 23.
Nc2 {[%clk 01:19:46]} {[%emt 00:02:01]} g5 {[%clk 00:51:12]} {[%emt 00:01:40]}
24. Rb2 {[%clk 01:17:26]} {[%emt 00:02:50]} g4 {[%clk 00:50:07]} {[%emt
00:01:35]} 25. Rfb1 {[%clk 01:17:41]} {[%emt 00:00:14]} Rb8 {[%clk 00:50:12]}
{[%emt 00:00:25]} 26. Qf4+ {[%clk 01:17:43]} {[%emt 00:00:26]} Kc8 {[%clk
00:48:58]} {[%emt 00:01:45]} 27. Bd3 {[%clk 01:16:29]} {[%emt 00:01:44]} Rh5
{[%clk 00:46:54]} {[%emt 00:02:34]} 28. Ne3 {[%clk 01:13:06]} {[%emt 00:03:53]}
Nxd4 {[%clk 00:45:06]} {[%emt 00:02:19]} 29. Nxd5 {[%clk 01:13:23]} {[%emt
00:00:12]} Qc6 {[%clk 00:44:19]} {[%emt 00:01:18]} 30. Qxd4 {[%clk 01:13:13]}
{[%emt 00:00:21]} h3 {[%clk 00:37:06]} {[%emt 00:08:02]} 31. Ne7+ {[%clk
01:13:35]} {[%emt 00:00:07]} 1-0

[Event "DEM U12w 2023"]
[Site "Willingen GER"]
[Date "2023.05.30"]
[Round "4"]
[White "Borck, Elena"]
[Black "Margaryan, Mari"]
[Result "1-0"]
[Termination "normal"]
[Board "20"]
[WhiteElo "970"]
[BlackElo "949"]
[WhiteClock "00:36:37"]
[BlackClock "01:00:27"]
[PlyCount "89"]
[WhiteFideId "16275446"]
[BlackFideId "16279700"]
[EventCountry "GER"]
[EventRounds "9"]
[EventType "swiss"]
[EventDate "2023.05.27"]

1. Nf3 {[%clk 01:30:58]} {[%emt 00:00:02]} Nf6 {[%clk 01:30:49]} {[%emt
00:00:11]} 2. d4 {[%clk 01:30:46]} {[%emt 00:00:42]} d5 {[%clk 01:31:09]}
{[%emt 00:00:09]} 3. e3 {[%clk 01:30:14]} {[%emt 00:01:03]} Bf5 {[%clk
01:30:56]} {[%emt 00:00:42]} 4. c3 {[%clk 01:29:42]} {[%emt 00:01:03]} e6
{[%clk 01:30:51]} {[%emt 00:00:34]} 5. c4 {[%clk 01:29:50]} {[%emt 00:00:23]}
c5 {[%clk 01:30:27]} {[%emt 00:00:54]} 6. Nc3 {[%clk 01:28:48]} {[%emt
00:01:33]} Nc6 {[%clk 01:29:41]} {[%emt 00:01:15]} 7. b3 {[%clk 01:27:51]}
{[%emt 00:01:28]} Nb4 {[%clk 01:29:08]} {[%emt 00:01:02]} 8. Rb1 {[%clk
01:25:12]} {[%emt 00:03:10]} Bxb1 {[%clk 01:28:07]} {[%emt 00:01:30]} 9. Nxb1
{[%clk 01:25:38]} {[%emt 00:00:05]} Nxa2 {[%clk 01:27:38]} {[%emt 00:00:58]}
10. Ba3 {[%clk 01:23:54]} {[%emt 00:02:15]} Qa5+ {[%clk 01:26:30]} {[%emt
00:01:37]} 11. Qd2 {[%clk 01:23:50]} {[%emt 00:00:35]} Qxd2+ {[%clk 01:26:13]}
{[%emt 00:00:46]} 12. Nbxd2 {[%clk 01:23:48]} {[%emt 00:00:33]} b6 {[%clk
01:26:12]} {[%emt 00:00:31]} 13. Bd3 {[%clk 01:21:38]} {[%emt 00:02:40]} a6
{[%clk 01:25:23]} {[%emt 00:01:19]} 14. dxc5 {[%clk 01:16:28]} {[%emt
00:05:41]} bxc5 {[%clk 01:25:35]} {[%emt 00:00:17]} 15. O-O {[%clk 01:16:27]}
{[%emt 00:00:32]} Bd6 {[%clk 01:25:29]} {[%emt 00:00:35]} 16. e4 {[%clk
01:13:38]} {[%emt 00:03:20]} dxe4 {[%clk 01:20:09]} {[%emt 00:05:51]} 17. Nxe4
{[%clk 01:13:49]} {[%emt 00:00:19]} Nxe4 {[%clk 01:20:23]} {[%emt 00:00:16]}
18. Bxe4 {[%clk 01:14:11]} {[%emt 00:00:08]} Rc8 {[%clk 01:20:29]} {[%emt
00:00:22]} 19. Bb7 {[%clk 01:11:34]} {[%emt 00:03:10]} Rc7 {[%clk 01:19:50]}
{[%emt 00:01:08]} 20. Bxa6 {[%clk 01:11:38]} {[%emt 00:00:26]} Ra7 {[%clk
01:19:31]} {[%emt 00:00:49]} 21. Bb5+ {[%clk 01:11:32]} {[%emt 00:00:36]} Ke7
{[%clk 01:19:21]} {[%emt 00:00:39]} 22. Bb2 {[%clk 01:10:55]} {[%emt 00:01:09]}
Rb8 {[%clk 01:18:20]} {[%emt 00:01:31]} 23. Bxg7 {[%clk 01:09:14]} {[%emt
00:02:11]} Ra3 {[%clk 01:16:58]} {[%emt 00:01:49]} 24. Ra1 {[%clk 01:05:23]}
{[%emt 00:04:24]} Rba8 {[%clk 01:16:40]} {[%emt 00:00:48]} 25. Nd2 {[%clk
01:02:18]} {[%emt 00:03:34]} Bf4 {[%clk 01:15:40]} {[%emt 00:01:30]} 26. Ne4
{[%clk 00:59:06]} {[%emt 00:03:42]} Bd6 {[%clk 01:11:40]} {[%emt 00:04:29]} 27.
Bf6+ {[%clk 00:58:47]} {[%emt 00:00:51]} Kf8 {[%clk 01:10:30]} {[%emt
00:01:37]} 28. Nxd6 {[%clk 00:59:01]} {[%emt 00:00:18]} Rxb3 {[%clk 01:09:25]}
{[%emt 00:01:32]} 29. h3 {[%clk 00:57:16]} {[%emt 00:02:17]} h6 {[%clk
01:09:19]} {[%emt 00:00:34]} 30. f4 {[%clk 00:50:32]} {[%emt 00:07:16]} Kg8
{[%clk 01:09:32]} {[%emt 00:00:16]} 31. f5 {[%clk 00:49:45]} {[%emt 00:01:19]}
exf5 {[%clk 01:09:08]} {[%emt 00:00:53]} 32. Nxf5 {[%clk 00:49:52]} {[%emt
00:00:23]} Kh7 {[%clk 01:09:21]} {[%emt 00:00:17]} 33. Nd6 {[%clk 00:47:40]}
{[%emt 00:02:43]} Raa3 {[%clk 01:07:56]} {[%emt 00:01:55]} 34. Ne4 {[%clk
00:44:51]} {[%emt 00:03:20]} Kg6 {[%clk 01:06:46]} {[%emt 00:01:37]} 35. Nxc5
{[%clk 00:43:42]} {[%emt 00:01:41]} Re3 {[%clk 01:03:56]} {[%emt 00:03:12]} 36.
Bb2 {[%clk 00:41:54]} {[%emt 00:02:27]} Ra5 {[%clk 01:03:07]} {[%emt 00:01:12]}
37. Nb7 {[%clk 00:40:08]} {[%emt 00:02:21]} Ra7 {[%clk 01:02:25]} {[%emt
00:01:12]} 38. Bd4 {[%clk 00:38:29]} {[%emt 00:02:09]} Ra8 {[%clk 01:01:26]}
{[%emt 00:01:28]} 39. Bxe3 {[%clk 00:38:44]} {[%emt 00:00:15]} Kh5 {[%clk
01:00:55]} {[%emt 00:01:01]} 40. c5 {[%clk 00:38:41]} {[%emt 00:00:34]} Kh4
{[%clk 01:00:49]} {[%emt 00:00:35]} 41. c6 {[%clk 00:38:57]} {[%emt 00:00:15]}
Kg3 {[%clk 01:01:07]} {[%emt 00:00:11]} 42. Bxh6 {[%clk 00:37:46]} {[%emt
00:01:41]} Re8 {[%clk 01:01:13]} {[%emt 00:00:24]} 43. c7 {[%clk 00:36:56]}
{[%emt 00:01:21]} Nc3 {[%clk 01:00:41]} {[%emt 00:01:01]} 44. Bxe8 {[%clk
00:37:14]} {[%emt 00:00:12]} Ne2+ {[%clk 01:00:27]} {[%emt 00:00:43]} 45. Kf1
{[%clk 00:36:37]} {[%emt 00:01:07]} 1-0